Liceum Ogólnokształcące im.Bohaterów Westerplatte w Jabłonce 1951-2001 praca zbiorowa

Bibliographic Details
Other Authors: Janowiak, Emil, 1942- (Editor)
Format: Book
Language:Polish
PhysicalDescription:343 s. ilustr. 24 cm
Published: Jabłonka Kraków Towarzystwo Słovaków 2001
ISBN:8387842737
Subjects:

MARC

LEADER 00000nam a2200000 a 4500
001 vtls010060885
003 SK-MaSNL
005 20260302044534.0
008 180730s2001 pl oa n 000 0 pol
015 |a SNBZSA2011-00321 
020 |a 8387842737  |q (brož.) 
040 |a SNK  |b slo  |c SNK  |e AACR2 
041 0 |a pol 
043 |a e-pl---  |a e-xo--- 
044 |a pl  |c PL 
072 7 |a 373.5/.6  |x Stredné školy  |2 konspekt 
080 |a 373.5  |x (438)  |x "1951/2001"  |x (082)  |2 2001 
245 0 0 |a Liceum Ogólnokształcące im.Bohaterów Westerplatte w Jabłonce 1951-2001  |b praca zbiorowa  |c pod redakcją Emila Janowiaka 
260 |a Jabłonka  |a Kraków  |b Towarzystwo Słovaków  |c 2001 
300 |a 343 s.  |b ilustr.  |c 24 cm 
500 |a Zoz. študentov 
504 |a Bibliogr. s. 333-338 
610 2 7 |a Liceum Ogólnokształcące im. Bohaterów Westerplatte (Jablonka, Poľsko)  |x dejiny  |2 snkph  |9 700455 
648 7 |a 1951-2001  |2 SNK  |9 298352 
650 0 7 |a lýceá  |z Jablonka (Poľsko)  |2 snkph  |9 700456 
650 0 7 |a Slováci  |z Poľsko  |2 snkph  |9 324239 
650 0 7 |a školstvo  |2 snkph  |9 19712 
655 7 |a jubilejné publikácie  |2 snkph  |9 70339 
700 1 |a Janowiak, Emil,  |d 1942-  |4 edt  |9 700457 
919 |a 83-87842-73-7 
958 |a ZS 
958 |a PL 
958 |a NB 
958 |a OND 
999 |c 1090045  |d 1091975 
952 |a SNK  |b SNK  |y PREZ  |7 0  |p 17A0657384  |o snkSC 139974  |i snk2010/8432  |8 2  |g 5.97  |0 0  |1 0  |4 0  |d 2010-02-04  |l 0  |r 2025-07-08 00:00:00  |w 2026-02-24